[Event "Open Tournament for All"]
[Site "SchemingMind.com"]
[Date "2007.04.02"]
[Round "-"]
[White "lacus66"]
[Black "kobby"]
[Result "1-0"]
[WhiteCountry "HUN"]
[BlackCountry "ENG"]
[WhiteElo "1700"]
[WhiteRD "67"]
[BlackElo "1547"]
[BlackRD "66"]
[GameID "99511"]

1. d4 d5 2. e4 dxe4 3. Nc3 Nf6 4. f3 exf3 5. Nxf3 h6 6. Bc4 a6 7. Ne5 e6 8. O-O b5 9. Be2 c5 10. Bf3 Ra7
11. Bc6+ Nbd7 12. a4 Bb7 13. Bxd7+ Nxd7 14. Nxf7 Qh4 15. Nxh8 cxd4 16. Ng6 Qd8 17. Nxf8 Nxf8 18. Qh5+ Kd7 19. Qg5 hxg5 20. Rf7+ Kd6
21. Ne4+ Ke5 22. Nxg5 d3 23. Bf4+ Kd5 24. Ra3 Qb6+ 25. Kf1 dxc2 26. Rd3+ Kc4 27. Rc7+ Kxd3 28. Rc3+ Kd4 29. Be3+ Ke5 30. Bxb6 Ra8
31. Rxc2 bxa4 32. Nf7+ Ke4 33. Nd6+ Kd3 34. Rc3+ Kd2 35. Be3+ Kd1 36. Rc1#
1-0

[Event "Open Tournament for All"]
[Site "SchemingMind.com"]
[Date "2007.04.02"]
[Round "-"]
[White "ajedrez perfecto"]
[Black "kobby"]
[Result "1-0"]
[WhiteCountry "BAH"]
[BlackCountry "ENG"]
[WhiteElo "2070"]
[WhiteRD "111"]
[BlackElo "1529"]
[BlackRD "72"]
[GameID "99512"]

1. e4 d5 2. exd5 Qxd5 3. Nc3 Qd8 4. Nf3 Bg4 5. Bc4 e6 6. O-O a6 7. d4 b5 8. Bb3 Nf6 9. d5 Bxf3 10. Qxf3 exd5
11. Nxd5 Nbd7 12. Re1+ Be7 13. Nxe7 Kf8 14. Bg5 h6 15. Bxf6 Nxf6 16. Nd5 Kg8 17. Nxf6+ gxf6 18. Re4 Rh7 19. Rae1 Rg7 20. a4 c6
21. c3 Kh8 22. Qh5 Kh7 23. Bc2 Qd2 24. R4e2+ Qxc2 25. Rxc2 Rb8 26. Qf5+ Rg6 27. h4 Kg7 28. a5 Rd8 29. Qc5
1-0

[Event "Open Tournament for All"]
[Site "SchemingMind.com"]
[Date "2007.04.02"]
[Round "-"]
[White "Efren ramos"]
[Black "faulty"]
[Result "0-1"]
[WhiteCountry "NCA"]
[BlackCountry "USA"]
[WhiteElo "1887"]
[WhiteRD "77"]
[BlackElo "1905"]
[BlackRD "75"]
[GameID "99525"]

1. e4 e5 2. Nf3 Nc6 3. Bb5 a6 4. Ba4 Nf6 5. O-O Be7 6. Re1 O-O 7. Bxc6 dxc6 8. Nxe5 Bc5 9. Nf3 Bg4 10. d3 h6
11. Be3 Bxe3 12. Rxe3 c5 13. h3 Be6 14. Nbd2 b6 15. Nh2 Qd7 16. f4 Qd4 17. Ndf1 Qxb2 18. Rg3 Rfd8 19. Nd2 c4 20. f5 cxd3
21. cxd3 Bd7 22. Nb3 Ba4 23. Qc1 Qxc1+ 24. Rxc1 Bxb3 25. axb3 c5 26. Kf2 Rd4 27. Re3 Rad8 28. Rc3 Rc8 29. Nf3 Rdd8 30. g4 Re8
31. Rc1 a5 32. Ke2 Rcd8 33. Rg1 Re7 34. h4 Rde8 35. Kd2 Nd5 36. e5 Nxe3 37. Kxe3 Rd7 38. g5 hxg5 39. hxg5 Red8 40. Rd1 b5
41. Ke4 a4 42. bxa4 bxa4 43. Ra1 Rxd3 44. Rxa4 Rb3 45. Ra7 Rb4+ 46. Ke3 Rc8 47. g6 fxg6 48. f6 gxf6 49. exf6 Re8+ 50. Kd2 Rf4
0-1

[Event "Open Tournament for All"]
[Site "SchemingMind.com"]
[Date "2007.04.02"]
[Round "-"]
[White "Efren ramos"]
[Black "Zugzwang"]
[Result "1-0"]
[WhiteCountry "NCA"]
[BlackCountry "CAN"]
[WhiteElo "1923"]
[WhiteRD "82"]
[BlackElo "1435"]
[BlackRD "63"]
[GameID "99526"]

1. e4 e5 2. Nf3 Nf6 3. d4 exd4 4. e5 Ne4 5. Qxd4 d5 6. exd6 Nxd6 7. Bg5 f6 8. Bf4 Nc6 9. Qd2 Bf5 10. Nc3 Qe7+
11. Be2 O-O-O 12. Qe3 Qxe3 13. Bxe3 Bxc2 14. O-O g5 15. Rfc1 Bf5 16. Nd4 Bh6 17. Nxc6 bxc6 18. Na4 Kb8 19. Rxc6 Bc8 20. Nc5 Rhe8
21. Na6+ Bxa6 22. Rxa6 g4 23. Bxg4 Bxe3 24. fxe3 Rxe3 25. Ra4 Rde8 26. Rb4+ Ka8 27. Bf3+ Ne4 28. Rxe4 R8xe4 29. Kf2 Rxf3+ 30. Kxf3 Rd4
31. Ke3 Rc4 32. Rd1 Kb7 33. Rd4 Rc2 34. Rd2 Rxd2 35. Kxd2 h5 36. Ke3
1-0

[Event "Open Tournament for All"]
[Site "SchemingMind.com"]
[Date "2007.04.02"]
[Round "-"]
[White "Efren ramos"]
[Black "keen"]
[Result "1-0"]
[WhiteCountry "NCA"]
[BlackCountry "SCO"]
[WhiteElo "1905"]
[WhiteRD "79"]
[BlackElo "1730"]
[BlackRD "57"]
[GameID "99527"]

1. e4 g6 2. d4 Bg7 3. c4 d6 4. Nc3 e5 5. d5 Na6 6. Be3 Nf6 7. Be2 O-O 8. Nf3 Ng4 9. Bg5 f6 10. Bh4 g5
11. Bg3 h5 12. h4 Nh6 13. hxg5 fxg5 14. Rxh5 Bg4 15. Rh1 Qf6 16. Qd2 Bxf3 17. gxf3 Kf7 18. Rh5 Ke8 19. Qxg5 Qxg5 20. Rxg5 Bf6
21. Rg6
1-0

[Event "Open Tournament for All"]
[Site "SchemingMind.com"]
[Date "2007.04.03"]
[Round "-"]
[White "Efren ramos"]
[Black "lacus66"]
[Result "1-0"]
[WhiteCountry "NCA"]
[BlackCountry "HUN"]
[WhiteElo "1905"]
[WhiteRD "79"]
[BlackElo "1700"]
[BlackRD "67"]
[GameID "99528"]

1. e4 e6 2. d4 d5 3. Nc3 Bb4 4. e5 c5 5. a3 Bxc3+ 6. bxc3 Ne7 7. a4 Qc7 8. Nf3 h6 9. Be2 O-O 10. O-O Nbc6
11. Ba3 a6 12. Bxc5 b6 13. Bd6 Qb7 14. Rb1 Rd8 15. Qc1 f6 16. Qb2 Rb8 17. Bxb8 Nxb8 18. Qxb6
1-0

[Event "Open Tournament for All"]
[Site "SchemingMind.com"]
[Date "2007.04.02"]
[Round "-"]
[White "Efren ramos"]
[Black "kobby"]
[Result "1-0"]
[WhiteCountry "NCA"]
[BlackCountry "ENG"]
[WhiteElo "1905"]
[WhiteRD "79"]
[BlackElo "1547"]
[BlackRD "66"]
[GameID "99529"]

1. e4 d5 2. exd5 Qxd5 3. Nc3 Qd8 4. Bc4 Bf5 5. Qf3 e6 6. Qxb7 Nd7 7. d3 Bd6 8. Qf3 Ngf6 9. Qe2 O-O 10. Nf3 h6
11. h3 Bh7 12. O-O Nb6 13. Bb3 Nh5 14. Ne5 Qf6 15. Qxh5 Bxe5 16. Bd2 c6 17. Rae1 Bd6 18. f4 a5 19. a4 Bb4 20. Kh1 Nd5
21. Nxd5 cxd5 22. Bxb4 axb4 23. Qe5 Qxe5 24. Rxe5 Rfe8 25. Rfe1 Rac8 26. R1e2 Rc6 27. Rxd5 Rb8 28. Rd7 h5 29. Re5 Bf5 30. Ra5 Kf8
31. Raa7 Bg6 32. a5 Ke8 33. Ba4 Rxc2 34. Rxf7+ Kd8 35. Rf8+
1-0

[Event "Open Tournament for All"]
[Site "SchemingMind.com"]
[Date "2007.04.02"]
[Round "-"]
[White "Efren ramos"]
[Black "ajedrez perfecto"]
[Result "1/2-1/2"]
[WhiteCountry "NCA"]
[BlackCountry "BAH"]
[WhiteElo "1887"]
[WhiteRD "77"]
[BlackElo "2088"]
[BlackRD "98"]
[GameID "99530"]

1. e4 e6 2. d4 d5 3. Nc3 Nf6 4. e5 Nfd7 5. f4 c5 6. Nf3 Nc6 7. Be3 Qb6 8. Na4 Qa5+ 9. c3 cxd4 10. b4 Qd8
11. Nxd4 Nxd4 12. Qxd4 Be7 13. Be2 Qc7 14. O-O f6 15. Bh5+ g6 16. Bg4 Kf7 17. Rad1 Qc6 18. Nb2 b5 19. Nd3 f5 20. Bf3 Qc4
21. Qxc4= bxc4 22. Nb2 a5 23. b5 Rb8= 24. a4 Nc5 25. g3 Bb7 26. h4 Ke8 27. Rf2 h6 28. Rh2 h5=
1/2-1/2

[Event "Open Tournament for All"]
[Site "SchemingMind.com"]
[Date "2007.04.03"]
[Round "-"]
[White "faulty"]
[Black "Efren ramos"]
[Result "0-1"]
[WhiteCountry "USA"]
[BlackCountry "NCA"]
[WhiteElo "1913"]
[WhiteRD "69"]
[BlackElo "1905"]
[BlackRD "79"]
[GameID "99531"]

1. e4 c5 2. Nf3 Nc6 3. d4 cxd4 4. Nxd4 Nf6 5. Nc3 e5 6. Nf5 d5 7. exd5 Bxf5 8. dxc6 bxc6 9. Bd3 Bxd3 10. Qxd3 Qxd3
11. cxd3 Bb4 12. O-O O-O 13. Ne4 Nd5 14. a3 Be7 15. Bd2 f5 16. Nc3 Nf6 17. Bg5 Rad8 18. Rfd1 Rd7 19. Kf1 Rfd8 20. Ke2 a5
21. f3 Rb8 22. Na4 Rd4 23. b4 axb4 24. Be3 Rh4 25. axb4 Rbxb4
0-1

[Event "Open Tournament for All"]
[Site "SchemingMind.com"]
[Date "2007.04.03"]
[Round "-"]
[White "Zugzwang"]
[Black "Efren ramos"]
[Result "0-1"]
[WhiteCountry "CAN"]
[BlackCountry "NCA"]
[WhiteElo "1444"]
[WhiteRD "60"]
[BlackElo "1905"]
[BlackRD "79"]
[GameID "99532"]

1. d4 Nf6 2. Nf3 e6 3. e3 c5 4. c3 b6 5. Bd3 Bb7 6. b3 d6 7. Nbd2 Be7 8. e4 Nbd7 9. O-O Qc7 10. Re1 cxd4
11. cxd4 Qc3 12. Qc2 Qxa1 13. Bb2 Qxe1+ 14. Nxe1 Rc8 15. Qd1 O-O 16. Nef3 a6 17. e5 Nd5 18. Ne4 dxe5 19. dxe5 Nc5 20. Neg5 h6
21. Nh7 Rfd8 22. Nf6+ gxf6 23. h3 Nf4
0-1

[Event "Open Tournament for All"]
[Site "SchemingMind.com"]
[Date "2007.04.03"]
[Round "-"]
[White "keen"]
[Black "Efren ramos"]
[Result "0-1"]
[WhiteCountry "SCO"]
[BlackCountry "NCA"]
[WhiteElo "1737"]
[WhiteRD "58"]
[BlackElo "1923"]
[BlackRD "82"]
[GameID "99533"]

1. g3 Nf6 2. Bg2 d5 3. d3 c6 4. Nf3 Bg4 5. O-O Nbd7 6. b3 e5 7. Nbd2 Bd6 8. Re1 O-O 9. Bb2 Re8 10. h3 Bxf3
11. Nxf3 e4 12. Nh2 e3 13. Bd4 exf2+ 14. Bxf2 Nh5 15. g4 Nf4 16. Bf1 Qc7 17. Nf3 Bb4 18. Nd2 Bc3 19. Rb1 Qa5 20. e3 Bxd2
21. exf4 Bxe1 22. Bxe1 Qc7 23. Bg3 Re3 24. Kh2 Rae8 25. c3 Qa5 26. Rb2 Qxc3 27. Rc2 Qf6 28. Re2 Rxe2+ 29. Bxe2 Qb2
0-1

[Event "Open Tournament for All"]
[Site "SchemingMind.com"]
[Date "2007.04.03"]
[Round "-"]
[White "lacus66"]
[Black "Efren ramos"]
[Result "0-1"]
[WhiteCountry "HUN"]
[BlackCountry "NCA"]
[WhiteElo "1782"]
[WhiteRD "70"]
[BlackElo "1887"]
[BlackRD "77"]
[GameID "99534"]

1. d4 d5 2. e4 c6 3. Nc3 dxe4 4. Nxe4 Bf5 5. Ng3 Bg6 6. Bd3 Qxd4 7. Be2 Qxd1+ 8. Bxd1 Nd7 9. Nf3 e6 10. O-O Ngf6
11. Bg5 Bc5 12. Nh4 O-O-O 13. Nxg6 hxg6 14. a3 Ne5 15. Ne4 Nxe4 16. Bxd8 Rxd8 17. Bf3 Nd2 18. Rfd1 Nexf3+ 19. gxf3 Nxf3+ 20. Kg2 Nd4
21. c3 Nb3 22. Rxd8+ Kxd8 23. Rd1+ Ke7 24. Kf3 f5 25. h4 e5 26. Kg2 a5 27. Rh1 a4 28. f3 Be3 29. Re1 f4 30. Kh3 b5
31. Kg4 Kf6 32. Rd1 Nd2 33. Kh3 Kf5
0-1

[Event "Open Tournament for All"]
[Site "SchemingMind.com"]
[Date "2007.04.02"]
[Round "-"]
[White "kobby"]
[Black "Efren ramos"]
[Result "0-1"]
[WhiteCountry "ENG"]
[BlackCountry "NCA"]
[WhiteElo "1547"]
[WhiteRD "66"]
[BlackElo "1905"]
[BlackRD "79"]
[GameID "99535"]

1. d4 Nf6 2. Bg5 c5 3. Bxf6 gxf6 4. c3 Qb6 5. e3 Qxb2 6. Nd2 cxd4 7. cxd4 Qb6 8. Ngf3 d5 9. Bd3 Nc6 10. O-O Bg7
11. Qc2 Nb4 12. Qc3 Nxd3 13. Qxd3 O-O 14. Nb3 Bd7 15. Rfc1 e6 16. Rab1 Qd6 17. Na5 b6 18. Nb3 Rfc8 19. Rxc8+ Rxc8 20. Qa6 Rc7
21. h3 Bf8 22. Rc1 Rxc1+ 23. Nxc1 Qa3 24. Qxa3 Bxa3 25. Ne2 Bb5 26. Nf4 Kf8 27. Nh5 Ke7 28. g4 Bc4 29. h4 Bxa2 30. Kf1 Bc4+
31. Ke1 Bb4+ 32. Kd1 a5 33. Kc2 Be2 34. Nh2 Be1 35. f3 Bxh4 36. Kd2 Bc4 37. Kc3 b5 38. e4 b4+ 39. Kb2 Be1 40. Nf4 Bc3+
41. Kb1 a4 42. exd5 a3 43. dxe6 a2+
0-1

[Event "Open Tournament for All"]
[Site "SchemingMind.com"]
[Date "2007.04.03"]
[Round "-"]
[White "ajedrez perfecto"]
[Black "Efren ramos"]
[Result "1-0"]
[WhiteCountry "BAH"]
[BlackCountry "NCA"]
[WhiteElo "2088"]
[WhiteRD "98"]
[BlackElo "1887"]
[BlackRD "77"]
[GameID "99536"]

1. Nf3 d5 2. g3 c6 3. Bg2 Bg4 4. O-O Nd7 5. d4 Ngf6 6. c3 e6 7. Bf4 Qb6 8. Qb3 Be7 9. h3 Bh5 10. Nbd2 O-O
11. e3 c5 12. Rad1 h6 13. Rc1 Rfc8 14. Qxb6 Nxb6 15. g4 Bg6 16. Ne5 Bh7 17. dxc5 Bxc5 18. a3 Nfd7 19. Nxd7 Nxd7 20. e4 e5
21. Bg3 d4 22. Rfd1 dxc3 23. Rxc3 Bd4 24. Rxc8+ Rxc8 25. Nb3 Rc6 26. Nxd4 Rd6 27. Rc1 Rxd4 28. Bxe5 Rd2 29. Rc8+ Nf8 30. Bc3 Rd1+
31. Kh2
1-0

[Event "Open Tournament for All"]
[Site "SchemingMind.com"]
[Date "2007.04.04"]
[Round "-"]
[White "Lazaro"]
[Black "faulty"]
[Result "1/2-1/2"]
[WhiteCountry "CUB"]
[BlackCountry "USA"]
[WhiteElo "1849"]
[WhiteRD "82"]
[BlackElo "1905"]
[BlackRD "75"]
[GameID "99547"]

1. e4 e5 2. Nf3 Nc6 3. Bc4 Bc5 4. Nc3 Nf6 5. d3 h6 6. O-O d6 7. Na4 Bb6 8. Nxb6 axb6 9. c3 O-O 10. b4 Ne7
11. Re1 c5 12. Qb3 Bd7 13. bxc5 bxc5 14. Qxb7 Qa5 15. Qb2 Rfb8 16. Qc2 Ba4 17. Qd2 Rb6 18. h3=
1/2-1/2

[Event "Open Tournament for All"]
[Site "SchemingMind.com"]
[Date "2007.04.04"]
[Round "-"]
[White "Lazaro"]
[Black "lacus66"]
[Result "1/2-1/2"]
[WhiteCountry "CUB"]
[BlackCountry "HUN"]
[WhiteElo "1849"]
[WhiteRD "82"]
[BlackElo "1782"]
[BlackRD "70"]
[GameID "99550"]

1. e4 e6 2. d4 d5 3. exd5 exd5 4. Nf3 Nf6 5. Bd3 Bg4 6. O-O a6 7. Bg5 Be7 8. Nbd2 O-O 9. Re1= Re8 10. Bxf6 Bxf6
11. Rxe8+ Qxe8 12. c3 Nc6 13. Qc2=
1/2-1/2

[Event "Open Tournament for All"]
[Site "SchemingMind.com"]
[Date "2007.04.04"]
[Round "-"]
[White "Lazaro"]
[Black "Efren ramos"]
[Result "1/2-1/2"]
[WhiteCountry "CUB"]
[BlackCountry "NCA"]
[WhiteElo "1849"]
[WhiteRD "82"]
[BlackElo "1887"]
[BlackRD "77"]
[GameID "99551"]

1. e4 c5 2. Nf3 Nc6 3. Bb5 e6 4. O-O Nge7 5. d4 cxd4 6. Nxd4 Qb6 7. Nxc6 Nxc6 8. Bd3 Be7 9. Nc3 O-O 10. Rb1 d6
11. Be3 Qc7 12. f4=
1/2-1/2

[Event "Open Tournament for All"]
[Site "SchemingMind.com"]
[Date "2007.04.02"]
[Round "-"]
[White "Lazaro"]
[Black "kobby"]
[Result "1-0"]
[WhiteCountry "CUB"]
[BlackCountry "ENG"]
[WhiteElo "1849"]
[WhiteRD "82"]
[BlackElo "1549"]
[BlackRD "74"]
[GameID "99552"]

1. e4 d5 2. exd5 Qxd5 3. Nc3 Qd8 4. Bc4 Bf5 5. Nf3 e6 6. O-O a6 7. d4 h6 8. Re1 Be7 9. d5 Nf6 10. dxe6 Qxd1
11. exf7+ Kf8 12. Nxd1 Bxc2 13. Nd4 Bf5 14. Nxf5 b5 15. Nxe7 bxc4 16. Ng6+ Kxf7 17. Nxh8+ Kg8 18. Ng6 Nc6 19. Ne3 Nd4 20. Bd2 Nb5
21. a4 Nd4 22. Bc3 Nb3 23. Rad1 Kf7 24. Nf4 Nc5 25. Nxc4 Nxa4 26. Bxf6 gxf6 27. Rd7+ Kf8 28. Re6 Nc5 29. Rxf6+ Kg8 30. Rxc7 Ne4
31. Rxh6 Ng5 32. Rg6+
1-0

[Event "Open Tournament for All"]
[Site "SchemingMind.com"]
[Date "2007.04.03"]
[Round "-"]
[White "faulty"]
[Black "Lazaro"]
[Result "0-1"]
[WhiteCountry "USA"]
[BlackCountry "CUB"]
[WhiteElo "1905"]
[WhiteRD "79"]
[BlackElo "1892"]
[BlackRD "74"]
[GameID "99554"]

1. e4 e5 2. Nf3 Nc6 3. Bc4 Bc5 4. O-O Nf6 5. c3 O-O 6. d4 Bb6 7. d5 Nb8 8. Qe2 d6 9. h3 Nbd7 10. Be3 Bxe3
11. Qxe3 Nh5 12. g3 Nb6 13. Be2 Bxh3 14. Re1 f5 15. Nxe5 f4 16. gxf4 Nxf4 17. Nd3 Qg5+ 18. Qg3 Qxg3+ 19. fxg3 Nxd3 20. Bxd3 Rf3
21. Kh2 Bg4 22. Bf1 Rf2+
0-1

[Event "Open Tournament for All"]
[Site "SchemingMind.com"]
[Date "2007.04.03"]
[Round "-"]
[White "keen"]
[Black "Lazaro"]
[Result "1/2-1/2"]
[WhiteCountry "SCO"]
[BlackCountry "CUB"]
[WhiteElo "1756"]
[WhiteRD "62"]
[BlackElo "1849"]
[BlackRD "82"]
[GameID "99556"]

1. g3 d5 2. Bg2 c6 3. Nf3 Nf6 4. O-O Bf5 5. d3 e6 6. Nh4 Bg6 7. Nd2 Nbd7 8. b3 Be7 9. Bb2 O-O 10. Nxg6 hxg6=
11. Nf3 Qc7 12. e3 a5 13. Re1 a4 14. Qd2 Ra6=
1/2-1/2

[Event "Open Tournament for All"]
[Site "SchemingMind.com"]
[Date "2007.04.03"]
[Round "-"]
[White "lacus66"]
[Black "Lazaro"]
[Result "0-1"]
[WhiteCountry "HUN"]
[BlackCountry "CUB"]
[WhiteElo "1778"]
[WhiteRD "74"]
[BlackElo "1954"]
[BlackRD "71"]
[GameID "99557"]

1. d4 d5 2. e4 dxe4 3. Nc3 Nf6 4. f3 exf3 5. Nxf3 Bg4 6. h3 Bh5 7. g4 Bg6 8. Bc4 e6 9. Ne5 Nbd7 10. Nxg6 hxg6
11. O-O Bd6 12. Bg5 Rxh3 13. Rf3 Rh7 14. Ne4 Be7 15. Nxf6+ Bxf6 16. Be3 c6 17. g5 Bxg5 18. Bf2 Nf6 19. Qd3 Nd5 20. c3 Nf4
21. Qc2 Nh3+ 22. Kg2 Nxf2 23. Qxf2 Bf6 24. Re1 Bh4 25. Qf1 Qg5+
0-1

[Event "Open Tournament for All"]
[Site "SchemingMind.com"]
[Date "2007.04.03"]
[Round "-"]
[White "Efren ramos"]
[Black "Lazaro"]
[Result "1/2-1/2"]
[WhiteCountry "NCA"]
[BlackCountry "CUB"]
[WhiteElo "1887"]
[WhiteRD "77"]
[BlackElo "1849"]
[BlackRD "82"]
[GameID "99558"]

1. e4 c5 2. Nf3 d6 3. d4 cxd4 4. Nxd4 Nf6 5. Nc3 a6 6. Be2 b5 7. Bf3 e5 8. Nb3 Be6 9. Bg5 Nbd7 10. a4 b4
11. Nd5 Bxd5 12. exd5 Be7=
1/2-1/2

[Event "Open Tournament for All"]
[Site "SchemingMind.com"]
[Date "2007.04.03"]
[Round "-"]
[White "kobby"]
[Black "Lazaro"]
[Result "0-1"]
[WhiteCountry "ENG"]
[BlackCountry "CUB"]
[WhiteElo "1543"]
[WhiteRD "79"]
[BlackElo "1892"]
[BlackRD "74"]
[GameID "99559"]

1. d4 c5 2. c3 e6 3. Bf4 Nc6 4. e3 d5 5. h3 Nf6 6. Nf3 Bd6 7. Bxd6 Qxd6= 8. Bb5 cxd4 9. Bxc6+ bxc6 10. cxd4 Ba6
11. Nc3 Qb4 12. Qd2 Rb8 13. Rb1 O-O 14. a3 Qb3 15. Ne5 Rfc8 16. Nd3 Nd7 17. O-O Qc4 18. Rfd1 Qxd3 19. Qxd3 Bxd3 20. Rxd3 Rb3
21. Rd2 Rcb8 22. Na4 Rxa3 23. Nc3 Rxc3 24. bxc3 Rxb1+ 25. Kh2 Ra1 26. Rc2 a5 27. c4 a4 28. cxd5 cxd5 29. Rc7 Nf8 30. Kg3 a3
31. Ra7 h5 32. Kf3 g6 33. h4 a2 34. g3 Nh7 35. e4 dxe4+
0-1

[Event "Open Tournament for All"]
[Site "SchemingMind.com"]
[Date "2007.04.03"]
[Round "-"]
[White "fishofchaos"]
[Black "faulty"]
[Result "0-1"]
[WhiteCountry "ENG"]
[BlackCountry "USA"]
[WhiteElo "1681"]
[WhiteRD "55"]
[BlackElo "1913"]
[BlackRD "69"]
[GameID "99625"]

1. d4 Nf6 2. c4 e6 3. Nc3 d5 4. Bg5 Be7 5. e3 h6 6. Bh4 O-O 7. Rc1 c6 8. Nf3 b6 9. Ne5 Bb7 10. cxd5 Nxd5
11. Bxe7 Nxe7 12. Bd3 Nd7 13. Nxd7 Qxd7 14. O-O Rfd8 15. Re1 c5 16. Be4 Bxe4 17. Nxe4 cxd4 18. exd4 Qxd4 19. Qxd4 Rxd4 20. Rcd1 Rad8
21. Rxd4 Rxd4 22. Nc3 a6 23. Re4 Nc6 24. Rxd4 Nxd4 25. Ne4 f5 26. Nd6 b5 27. g3 e5 28. Kf1 g6 29. Kg2 Kg7 30. h4 Kf6
31. Kh3 h5 32. Ne8+ Ke7 33. Nc7 a5 34. b3 Kd6 35. Na6 b4
0-1

[Event "Open Tournament for All"]
[Site "SchemingMind.com"]
[Date "2007.04.03"]
[Round "-"]
[White "fishofchaos"]
[Black "Zugzwang"]
[Result "1-0"]
[WhiteCountry "ENG"]
[BlackCountry "CAN"]
[WhiteElo "1681"]
[WhiteRD "55"]
[BlackElo "1444"]
[BlackRD "60"]
[GameID "99626"]

1. d4 f5 2. g3 Nf6 3. Bg2 e6 4. Nf3 c6 5. O-O d5 6. b3 Bd6 7. c4 Qe7 8. Bb2 b6 9. Ne5 Bb7 10. Nd2 O-O
11. f4 c5 12. Ndf3 Na6 13. e3 Rab8 14. Ng5 Nb4 15. a3 Nc6 16. cxd5 Nxd5 17. Bxd5 exd5 18. dxc5 Bxc5 19. Qxd5+ Kh8 20. Ngf7+ Rxf7
21. Nxf7+ Kg8 22. Ng5+ Kh8 23. Nf7+ Kg8 24. Nh6+ Kh8 25. Nxf5 Bxe3+ 26. Nxe3 Qxe3+ 27. Rf2 Na5 28. Qe5 Qxe5 29. Bxe5 Rd8 30. Rc1 Rd7
31. Rfc2 h6 32. Rc7 Rxc7 33. Rxc7 Bd5 34. Bxg7+ Kg8 35. Bxh6
1-0

[Event "Open Tournament for All"]
[Site "SchemingMind.com"]
[Date "2007.04.03"]
[Round "-"]
[White "fishofchaos"]
[Black "keen"]
[Result "0-1"]
[WhiteCountry "ENG"]
[BlackCountry "SCO"]
[WhiteElo "1681"]
[WhiteRD "55"]
[BlackElo "1730"]
[BlackRD "57"]
[GameID "99627"]

1. d4 g6 2. e4 Bg7 3. Nc3 d6 4. f4 a6 5. Nf3 b5 6. Bd3 Bb7 7. Qe2 Nd7 8. Be3 Ngf6 9. O-O-O O-O 10. b4 c5
11. bxc5 Qa5 12. Kd2 b4 13. Nb1 b3+ 14. Nc3 dxc5 15. axb3 cxd4 16. Nxd4 Nc5 17. Ra1 Nfxe4+ 18. Bxe4 Nxe4+
0-1

[Event "Open Tournament for All"]
[Site "SchemingMind.com"]
[Date "2007.04.03"]
[Round "-"]
[White "fishofchaos"]
[Black "lacus66"]
[Result "0-1"]
[WhiteCountry "ENG"]
[BlackCountry "HUN"]
[WhiteElo "1681"]
[WhiteRD "55"]
[BlackElo "1700"]
[BlackRD "67"]
[GameID "99628"]

1. d4 g6 2. c4 Nf6 3. Nc3 d5 4. cxd5 Nxd5 5. e4 Nxc3 6. bxc3 Bg7 7. Nf3 Bg4 8. Be2 O-O 9. O-O b6 10. h3 Bc8
11. Be3 e6 12. Qd2 Bb7 13. Bd3 Nc6 14. Rab1 a6 15. Rb2 Re8 16. Rfb1 f6 17. c4 f5 18. e5 Nxd4 19. Nxd4 c5 20. Nf3 Bxf3
21. gxf3 Bxe5 22. Rxb6 f4 23. Bxc5 Bc7 24. R6b3 Qg5+ 25. Kh2 Qxc5 26. Rg1 Rad8 27. Qc2 Qh5 28. Rg4 Rd7 29. Be4 Red8 30. Rd3 Rxd3
31. Bxd3 Bd6 32. c5 Qxc5 33. Qxc5 Bxc5 34. Rxf4 Rxd3 35. Rf6 Rd2 36. Rxe6 Rxf2+ 37. Kg3 Rxa2 38. Kg4 Ra4+ 39. Kg3 a5
0-1

[Event "Open Tournament for All"]
[Site "SchemingMind.com"]
[Date "2007.04.03"]
[Round "-"]
[White "fishofchaos"]
[Black "Efren ramos"]
[Result "1/2-1/2"]
[WhiteCountry "ENG"]
[BlackCountry "NCA"]
[WhiteElo "1681"]
[WhiteRD "55"]
[BlackElo "1905"]
[BlackRD "79"]
[GameID "99629"]

1. d4 d5 2. c4 c6 3. Nf3 Nf6 4. Nc3 dxc4 5. a4 Bf5 6. Ne5 e6 7. f3 c5 8. e4 cxd4 9. exf5 Bb4 10. fxe6 O-O
11. exf7+ Kh8 12. Bxc4 dxc3 13. Qxd8 Rxd8 14. O-O Nbd7 15. Nxd7 Rxd7 16. bxc3 Bxc3 17. Ra2 Bd4+ 18. Kh1 Bc5 19. Re2 g6 20. h3 Kg7
21. Bg5 Nh5 22. Re8 Ng3+ 23. Kh2 Nxf1+ 24. Kh1 Ng3+ 25. Kh2 Nf1+ 26. Kh1= Ng3+ 27. Kh2 Nf1+
1/2-1/2

[Event "Open Tournament for All"]
[Site "SchemingMind.com"]
[Date "2007.04.03"]
[Round "-"]
[White "fishofchaos"]
[Black "kobby"]
[Result "1-0"]
[WhiteCountry "ENG"]
[BlackCountry "ENG"]
[WhiteElo "1681"]
[WhiteRD "55"]
[BlackElo "1547"]
[BlackRD "66"]
[GameID "99630"]

1. d4 d5 2. c4 c6 3. Nf3 Bg4 4. Ne5 Bf5 5. cxd5 cxd5 6. Nc3 e6 7. Qa4+ Nd7 8. e4 dxe4 9. Nxd7 Qxd7 10. Bb5 Qxb5
11. Nxb5 Nf6 12. Nc7+ Kd8 13. Nxa8 Bd6 14. Qxa7 Ke7 15. Qxb7+ Nd7 16. Nb6 e5 17. Nxd7 Bxd7 18. Qxe4 f6 19. O-O h6 20. Be3 Kf7
21. Rfc1 Rb8 22. b3 Be6 23. dxe5 Bxe5 24. Bf4 Rb5 25. Bxe5 Rxe5 26. Rc7+ Kg8 27. Qa8+ Kh7 28. Kf1 Bd5 29. Qb8 Rh5 30. h3 Rg5
31. g3 h5 32. b4 h4 33. g4 Re5 34. Re1 Rxe1+ 35. Kxe1 Bxa2 36. b5
1-0

[Event "Open Tournament for All"]
[Site "SchemingMind.com"]
[Date "2007.04.03"]
[Round "-"]
[White "fishofchaos"]
[Black "ajedrez perfecto"]
[Result "0-1"]
[WhiteCountry "ENG"]
[BlackCountry "BAH"]
[WhiteElo "1681"]
[WhiteRD "55"]
[BlackElo "1942"]
[BlackRD "131"]
[GameID "99632"]

1. d4 Nf6 2. c4 c5 3. d5 b5 4. cxb5 a6 5. bxa6 Bxa6 6. Nc3 d6 7. Nf3 g6 8. g3 Nbd7 9. Bh3 Bg7= 10. O-O O-O
11. Re1 Nb6 12. b3 Nfxd5 13. Nxd5 Bxa1 14. Bg5 Nxd5 15. Qxa1 Re8 16. Rd1 Bxe2 17. Rxd5 Bxf3 18. Rd3 Bc6 19. Bg2 Bxg2 20. Kxg2 Ra3
21. Qb2 Qa8+
0-1

[Event "Open Tournament for All"]
[Site "SchemingMind.com"]
[Date "2007.04.03"]
[Round "-"]
[White "faulty"]
[Black "fishofchaos"]
[Result "1-0"]
[WhiteCountry "USA"]
[BlackCountry "ENG"]
[WhiteElo "1913"]
[WhiteRD "69"]
[BlackElo "1681"]
[BlackRD "55"]
[GameID "99633"]

1. e4 c5 2. Nf3 Nc6 3. d4 cxd4 4. Nxd4 Nf6 5. Nc3 e5 6. Nde2 Bc5 7. Ng3 d6 8. Bd3 O-O 9. O-O Nd4 10. Bg5 a6
11. Nd5 Kh8 12. c3 Ne6 13. Bxf6 gxf6 14. Nh5 Rg8 15. Nhxf6 Rg6 16. Qf3 b5 17. Kh1 Nc7 18. Nxc7 Rxf6 19. Qxf6+ Qxf6 20. Nxa8 Qe7
21. a4 bxa4 22. Rxa4 Qa7 23. b4 Bxb4 24. cxb4 Qxa8 25. f3 Kg7 26. Rfa1 Qc6 27. Bxa6 Bxa6 28. Rxa6 Qc3 29. b5 Qb4 30. b6 Qb5
31. h3 Kf6 32. b7 Ke6 33. b8=Q Qxb8 34. Rd1
1-0

[Event "Open Tournament for All"]
[Site "SchemingMind.com"]
[Date "2007.04.03"]
[Round "-"]
[White "Zugzwang"]
[Black "fishofchaos"]
[Result "0-1"]
[WhiteCountry "CAN"]
[BlackCountry "ENG"]
[WhiteElo "1444"]
[WhiteRD "60"]
[BlackElo "1681"]
[BlackRD "55"]
[GameID "99634"]

1. d4 d5 2. Nf3 Nf6 3. e3 e6 4. Bd3 c5 5. c3 Nc6 6. Bd2 Bd6 7. O-O b6 8. Bc1 O-O 9. Nbd2 Bd7 10. Qe2 c4
11. Bc2 e5 12. e4 exd4 13. Nxd4 Re8 14. h3 Bf4 15. Qf3 Bh6 16. Re1 Qc7 17. Nf1 Nxd4 18. cxd4 dxe4 19. Bxe4 Nxe4 20. Rxe4 Rxe4
21. Qxe4 Re8 22. Qc2 Bxc1 23. Rxc1 b5 24. b3 Rc8 25. Ne3 c3 26. Nd5 Qd8 27. Nxc3 b4
0-1